00669nam a2200241 a 4500001001300000003000900013005001700022008004100039020001000080082001400090100002100104245003500125260002900160300000800189500003500197505001700232650001300249700002100262902000800283942000700291952011400298999001500412nice12345678IN_TiNIC20260116011632.0050524s1962 lona grp 000 0 eng  ac39500a266bWEB1 aWebster, Douglas aLocal Church and World Mission aLondonbScm Press c1962 a92p aincludes index and biblioraphy2 aBibliography aMissions1 aWebster, Douglas bSRS cBK 001040708StackRoom-aHMIbHMId2005-05-24g395.00l0o266 WEB1p05527r2005-05-24v395.00w2005-05-24yBK c3025d3025